Effect of using broken rice in concentration feed on growth performance of local duck at the animal experimental station of royal university of agriculture (ឥទ្ធិពលនៃការប្រើប្រាស់ចុងអង្ករជាចំណីផ្សំលើការលូតលាស់របស់ទាក្នុងស្រុកនៅស្ថានីយ៏ចិញ្ចឺមសត្វនៃសាកលវិទ្យាល័យភូមិន្ទកសិកម្ម) (Record no. 2103)
[ view plain ]
| 000 -LEADER | |
|---|---|
| fixed length control field | 00875nam a22001577a 4500 |
| 003 - CONTROL NUMBER IDENTIFIER | |
| control field | OSt |
| 005 - DATE AND TIME OF LATEST TRANSACTION | |
| control field | 20151007084314.0 |
| 008 - FIXED-LENGTH DATA ELEMENTS--GENERAL INFORMATION | |
| fixed length control field | 151007b xxu||||| |||| 00| 0 eng d |
| 040 ## - CATALOGING SOURCE | |
| Transcribing agency | RUA |
| 082 ## - DEWEY DECIMAL CLASSIFICATION NUMBER | |
| Classification number | AVM CHA 2007 B078 Or.1 |
| 100 ## - MAIN ENTRY--PERSONAL NAME | |
| 9 (RLIN) | 2231 |
| Personal name | CHAO, LY. |
| 245 ## - TITLE STATEMENT | |
| Title | Effect of using broken rice in concentration feed on growth performance of local duck at the animal experimental station of royal university of agriculture (ឥទ្ធិពលនៃការប្រើប្រាស់ចុងអង្ករជាចំណីផ្សំលើការលូតលាស់របស់ទាក្នុងស្រុកនៅស្ថានីយ៏ចិញ្ចឺមសត្វនៃសាកលវិទ្យាល័យភូមិន្ទកសិកម្ម) |
| 260 ## - PUBLICATION, DISTRIBUTION, ETC. (IMPRINT) | |
| Place of publication, distribution, etc. | Phnom Penh |
| Name of publisher, distributor, etc. | RUA |
| Date of publication, distribution, etc. | 2007 |
| 300 ## - PHYSICAL DESCRIPTION | |
| Extent | viii, 41p. |
| Other physical details | ill. |
| Dimensions | 29cm. |
| 942 ## - ADDED ENTRY ELEMENTS (KOHA) | |
| Source of classification or shelving scheme | |
| Koha item type | AVM |
| Price effective from | Date last seen | Permanent Location | Not for loan | Date acquired | Source of classification or shelving scheme | Koha item type | Lost status | Withdrawn status | Total Renewals | Date last checked out | Total Checkouts | Shelving location | Damaged status | Barcode | Checked out | Current Location | Full call number |
|---|---|---|---|---|---|---|---|---|---|---|---|---|---|---|---|---|---|
| 2015-10-07 | 2016-09-16 | Library Block B | 2015-10-07 | AVM | 2016-08-21 | 1 | B078 | RUA016789 | Library Block B | AVM CHA 2007 B078 Or.1 | |||||||
| 2015-10-07 | 2021-10-11 | Library Block B | 2015-10-07 | AVM | 2021-09-20 | 2 | B078 | RUA018906 | Library Block B | AVM CHA 2007 B078 Or.2 | |||||||
| 2015-10-07 | 2018-03-05 | Library Block B | 2015-10-07 | AVM | 2018-02-27 | 2 | B078 | RUA025100 | Library Block B | AVM CHA 2007 B078 Or.3 | |||||||
| 2015-10-07 | 2015-10-07 | Library Block B | 2015-10-07 | AVM | B078 | RUA009926 | Library Block B | AVM CHA 2007 B078 Or.4 | |||||||||
| 2015-10-07 | 2024-11-06 | Library Block B | 2015-10-07 | AVM | 1 | 2024-11-05 | 3 | B078 | RUA019536 | Library Block B | AVM CHA 2007 B078 Or.5 | ||||||
| 2015-10-07 | 2019-12-14 | Library Block B | 2015-10-07 | AVM | 2019-11-29 | 2 | B078 | RUA015225 | Library Block B | AVM CHA 2007 B078 Or.6 | |||||||
| 2015-10-07 | 2017-12-29 | Library Block B | 2015-10-07 | AVM | 2017-12-26 | 1 | B078 | RUA015228 | Library Block B | AVM CHA 2007 B078 Or.7 | |||||||
| 2015-10-07 | 2025-03-22 | Library Block B | 2015-10-07 | AVM | 2025-03-22 | 1 | B078 | RUA015298 | 2025-04-26 | Library Block D | AVM CHA 2007 B078 Or.8 |